000
00305nam a22001217a 4500
020
_a
07-084006-7
082
_a
621.39 BAN'F
100
_a
BANNISTER, B.R , WHITERHEAD, D.G
_9
57416
245
_a
FUNDAMENTALS OF DIGITAL SYSTEMS
260
_a
LONODN
_b
MCGRAW HILL
_c
1973
300
_a
X, 325P
942
_c
BK
999
_c
567700
_d
567700